Financial Accounting: A Managerial Perspective v 42 (Record no. 299475)
[ view plain ]
| 000 -LEADER | |
|---|---|
| fixed length control field | 00299 a2200121 4500 |
| 001 - CONTROL NUMBER | |
| control field | 64402 |
| 082 ## - DEWEY DECIMAL CLASSIFICATION NUMBER | |
| Classification number | 657.3 AMA |
| 090 ## - LOCALLY ASSIGNED LC-TYPE CALL NUMBER (OCLC); LOCAL CALL NUMBER (RLIN) | |
| -- | 38031 |
| -- | 38031 |
| 100 ## - MAIN ENTRY--PERSONAL NAME | |
| Personal name | Amanullah Khan |
| 245 ## - TITLE STATEMENT | |
| Title | Financial Accounting: A Managerial Perspective v 42 |
| 260 ## - PUBLICATION, DISTRIBUTION, ETC. | |
| Place of publication, distribution, etc. | Islamabad |
| Name of publisher, distributor, etc. | Anas Pub |
| Date of publication, distribution, etc. | 1999 |
| 300 ## - PHYSICAL DESCRIPTION | |
| Extent | 452p |
| 942 ## - ADDED ENTRY ELEMENTS (KOHA) | |
| Institution code [OBSOLETE] | NUST-CAE |
| Call number prefix | 657.3 AMA |
| Withdrawn status | Lost status | Damaged status | Not for loan | Collection code | Permanent Location | Current Location | Date acquired | Total Checkouts | Full call number | Barcode | Date last seen | Price effective from | Koha item type |
|---|---|---|---|---|---|---|---|---|---|---|---|---|---|
| College of Aeronautical Engineering (CAE) | College of Aeronautical Engineering (CAE) | 04/03/2017 | 657.3 AMA | CAEG-5239 | 04/05/2017 | 04/05/2017 | Book |
